000 00195nam a22000857a 4500
999 _c11828
_d11828
008 200227b ||||| |||| 00| 0 eng d
020 _a9780395150238
100 _aRey
_97467
245 _aCurious George